00604nam a22001937a 450000500170000001000150001702000260003202000230005803500130008103700130009408200160010724501040012326000450022727000590027230000240033150000190035570000190037470000170039320140926102749.0 aENG-110952 a9780198092063c995.00 a0198092067c995.00 aEN-94484 bDBAD/PUB a305.6971054 aBeing Muslim in South Asia :cedited by Robin Jeffrey [and] Ronojoy Senbdiversity and daily life / aNew DelhibOxford University Pressc2014 aYMCA Library Building, 1 Jai Singh bNew Delhie110020 axxx,370p.c22cm(Hb) aIncludes index aJeffrey, Robin aSen, Ronojoy